[Event "AUT-ch U18"]
[Site "St Veit"]
[Date "2021.10.28"]
[Round "6.8"]
[White "Zamfir, Florin"]
[Black "Lugger, Simon"]
[Result "1-0"]
[WhiteElo "2017"]
[BlackElo "1887"]
[PlyCount "65"]
[EventDate "2021.10.25"]
[EventType "swiss"]
[EventRounds "7"]
[EventCountry "AUT"]
[SourceTitle "EXT 2023"]
[Source "ChessBase"]
[SourceDate "2022.10.05"]
[SourceVersion "1"]
[SourceVersionDate "2022.10.05"]
[SourceQuality "1"]

1. c4 e5 2. Nc3 Nf6 3. g3 Bc5 4. Bg2 c6 5. Qb3 0-0 6. e3 d6 7. Nge2 Re8 8. 0-0 e4 9. d3 d5 10. cxd5 cxd5 11. Nf4 d4 12. Nxe4 Nxe4 13. dxe4 Nc6 14. Bd2 dxe3 15. Bxe3 Na5 16. Qc3 Bxe3 17. Qxe3 Nc4 18. Qe2 Ne5 19. Rfd1 Qb6 20. Nd5 Bg4 21. Qxg4 Nxg4 22. Nxb6 axb6 23. Rd7 Rab8 24. f3 Ne3 25. Rc1 Nxg2 26. Kxg2 Red8 27. Rcc7 Rxd7 28. Rxd7 h5 29. Kh3 Ra8 30. a3 Ra5 31. Rxb7 Rb5 32. b4 g5 33. Kg2 1-0

[Event "AUT-ch U16"]
[Site "Sankt Veit an der Glan"]
[Date "2019.04.15"]
[Round "3"]
[White "Valtiner, Adamo"]
[Black "Lugger, Simon"]
[Result "1-0"]
[WhiteElo "1844"]
[BlackElo "1751"]
[PlyCount "99"]
[EventDate "2019.04.14"]
[EventType "swiss"]
[EventRounds "7"]
[EventCountry "AUT"]
[SourceTitle "CBM 190 Extra"]
[Source "ChessBase"]
[SourceDate "2019.07.15"]
[SourceVersion "1"]
[SourceVersionDate "2019.07.15"]
[SourceQuality "1"]

1. f4 c5 2. Nf3 Nc6 3. g3 g6 4. Bg2 Bg7 5. 0-0 e6 6. d3 Nge7 7. c3 0-0 8. Na3 d6 9. e4 a6 10. Be3 Rb8 11. d4 cxd4 12. cxd4 d5 13. e5 b5 14. Nc2 Bd7 15. Nce1 Na5 16. b3 Qb6 17. Nd3 Nb7 18. Nc5 Nxc5 19. dxc5 Qc7 20. g4 b4 21. Rc1 Rfd8 22. h4 f5 23. exf6 Bxf6 24. Qd2 Rf8 25. Bh3 Bg7 26. Ne5 a5 27. Bd4 Nc6 28. Rfe1 Rbe8 29. Kh1 Bxe5 30. Bxe5 Nxe5 31. Rxe5 Rf7 32. c6 Bc8 33. Qd4 Ref8 34. f5 exf5 35. gxf5 Bxf5 36. Bg2 Be4 37. Bxe4 dxe4 38. Qxe4 Rf1+ 39. Rxf1 Rxf1+ 40. Kg2 Qf7 41. Qe3 Rf6 42. Re8+ Kg7 43. Re7 Rf2+ 44. Qxf2 Qxe7 45. Qd4+ Kh6 46. Qd3 Qc7 47. Qd5 Qb6 48. Kf3 Qc7 49. Qd2+ Kh5 50. Qg5# 1-0

[Event "AUT-ch U18"]
[Site "St Veit"]
[Date "2018.03.28"]
[Round "6"]
[White "Lugger, Simon"]
[Black "Brunner, Felix"]
[Result "1-0"]
[WhiteElo "1523"]
[BlackElo "1180"]
[PlyCount "107"]
[EventDate "2018.03.25"]
[EventType "swiss"]
[EventRounds "7"]
[EventCountry "AUT"]
[SourceTitle "EXT 2019"]
[Source "ChessBase"]
[SourceDate "2018.10.10"]
[SourceVersion "1"]
[SourceVersionDate "2018.10.10"]
[SourceQuality "1"]

1. c4 Nf6 2. g3 e6 3. Nc3 Bb4 4. Qc2 Nc6 5. Nf3 b6 6. Bg2 Bb7 7. 0-0 Bxc3 8. Qxc3 0-0 9. a3 Rb8 10. d3 Re8 11. Bg5 h6 12. Bxf6 Qxf6 13. Qxf6 gxf6 14. Rab1 Ne5 15. Nxe5 fxe5 16. b4 Bxg2 17. Kxg2 Kg7 18. a4 d5 19. c5 b5 20. axb5 Rxb5 21. Ra1 Ra8 22. Rfb1 a5 23. Kf3 Rab8 24. c6 f5 25. e4 axb4 26. Ra7 Rc8 27. Rb7 Rc5 28. exf5 exf5 29. R7xb4 Rxc6 30. Rb8 Rxb8 31. Rxb8 Rc3 32. Ke2 e4 33. dxe4 fxe4 34. Rd8 c6 35. Rd6 h5 36. h4 Kh7 37. Ke1 Rc4 38. Re6 c5 39. Re5 Rd4 40. Rxh5+ Kg6 41. Rh8 c4 42. Rc8 Rd3 43. g4 c3 44. Rc6+ Kg7 45. h5 d4 46. g5 e3 47. fxe3 Rxe3+ 48. Kd1 Rd3+ 49. Kc1 Rg3 50. Rc7+ Kg8 51. g6 Rg5 52. Rc8+ Kg7 53. Rc7+ Kh6 54. Rh7# 1-0